Human by The Killers Lyrics - Statistics

General Stats
  • This quiz has been taken 50 times
  • The average score is 27 of 35
Answer Stats
Hint Answer % Correct
When the call came down the ____ Line
95%
Are we _____ or are we ______? Human, Dancer
89%
Are we _____ or are we ______? Human, Dancer
89%
Are we _____ or are we ______? Human, Dancer
89%
Are we _____ or are we ______? Human, Dancer
89%
Are we _____ or are we ______? Human, Dancer
89%
Are we _____ or are we ______? Human, Dancer
89%
_______ for the answer Looking
89%
_______ for the answer Looking
89%
_______ for the answer Looking
89%
I did my best to ______ Notice
89%
Up to the platform of _________ Surrender
89%
And I'm on my _____ Knees
87%
And I'm on my _____ Knees
87%
And I'm on my _____ Knees
87%
When I see an ____ ____ Open door
84%
___ the chord Cut
82%
Send my condolences to ____ Good
82%
Let me know, is your _____ still beating? Heart
82%
They always did the ___ ____ ____ could Best They
79%
And sometimes I get ______ Nervous
79%
My sign is _____, my _____ are cold Vital, Hands
79%
My sign is _____, my _____ are cold Vital, Hands
79%
My sign is _____, my _____ are cold Vital, Hands
79%
And so long to _______ Devotion
74%
Close your ____ , clear your _____ Eyes, Heart
71%
Wave _______, wish me ___ Goodbye,Well
71%
Pay my respects to grace and ______ Virtue
71%
You ______ __ everything I know Taught Me
68%
There is no _______ we're receiving Message
66%
You've got to ___ __ __ Let Me Go
63%
When you _____ of ____ tonight? Dream, Home
58%
Will your ______ be alright System
55%
Give my regards to ____ and _______ Soul, Romance
47%
I was _______, but I was ____ Brought, Kind
39%
No matching quizzes found
Score Distribution
Percent of People with Each Score
Percentile by Number Answered
Your Score History
You have not taken this quiz